[Event "Campeonato España Sub 16"]
[Site "Salobreña"]
[Date "2017.07.26"]
[Round "5"]
[White "Ortin Blanco, Inigo"]
[Black "Llados Clos, Jordi"]
[Result "1-0"]
[Board "13"]
[WhiteClock "1:30"]
[WhiteElo "2090"]
[WhiteCountry "ESP"]
[WhiteFideId "32010125"]
[WhiteEloChange "5"]
[BlackClock "1:30"]
[BlackElo "1895"]
[BlackCountry "ESP"]
[BlackFideId "32066350"]
[BlackEloChange "-5"]

1. d4 {[%clk 1:30:00]} Nf6 {[%clk 1:30:00]} 2. Nf3 {[%clk 1:30:00]} g6 {[%clk
1:31:00]} 3. c4 {[%clk 1:29:00]} Bg7 {[%clk 1:31:00]} 4. Nc3 {[%clk 1:29:00]} d6
{[%clk 1:32:00]} 5. e4 {[%clk 1:29:00]} O-O {[%clk 1:32:00]} 6. Be2 {[%clk
1:29:00]} e5 {[%clk 1:32:00]} 7. O-O {[%clk 1:29:00]} Nbd7 {[%clk 1:30:00]} 8.
dxe5 {[%clk 1:15:00]} Nxe5 {[%clk 1:28:00]} 9. Nxe5 {[%clk 1:15:00]} dxe5 {[%clk
1:28:00]} 10. Bg5 {[%clk 1:11:00]} c6 {[%clk 1:26:00]} 11. Qc2 {[%clk 1:05:00]}
Be6 {[%clk 1:23:00]} 12. Rad1 {[%clk 1:04:00]} Qc7 {[%clk 1:22:00]} 13. Rd2
{[%clk 1:03:00]} Rfd8 {[%clk 1:20:00]} 14. Rfd1 {[%clk 1:03:00]} h6 {[%clk
1:19:00]} 15. Be3 {[%clk 1:01:00]} b6 {[%clk 1:15:00]} 16. Qa4 {[%clk 0:57:00]}
Rxd2 {[%clk 1:12:00]} 17. Rxd2 {[%clk 0:56:00]} Ng4 {[%clk 1:12:00]} 18. Bxg4
{[%clk 0:47:00]} Bxg4 {[%clk 1:12:00]} 19. Qc2 {[%clk 0:45:00]} Bf8 {[%clk
1:04:00]} 20. a4 {[%clk 0:38:00]} Kg7 {[%clk 0:58:00]} 21. Na2 {[%clk 0:37:00]}
Be6 {[%clk 0:49:00]} 22. Qc3 {[%clk 0:31:00]} Kh7 {[%clk 0:42:00]} 23. b3 {[%clk
0:26:00]} a6 {[%clk 0:39:00]} 24. Nc1 {[%clk 0:24:00]} Rd8 {[%clk 0:36:00]} 25.
Nd3 {[%clk 0:23:00]} Bg7 {[%clk 0:33:00]} 26. f3 {[%clk 0:11:31]} f5 {[%clk
0:27:00]} 27. a5 {[%clk 0:11:27]} bxa5 {[%clk 0:26:00]} 28. Nc5 {[%clk 0:11:40]}
Rxd2 {[%clk 0:26:00]} 29. Qxd2 {[%clk 0:09:02]} Bc8 {[%clk 0:25:00]} 30. Na4
{[%clk 0:09:02]} Qd7 {[%clk 0:19:41]} 31. Nb6 {[%clk 0:07:14]} Qxd2 {[%clk
0:19:15]} 32. Bxd2 {[%clk 0:07:40]} Be6 {[%clk 0:17:31]} 33. Bxa5 {[%clk
0:08:03]} fxe4 {[%clk 0:17:33]} 34. fxe4 {[%clk 0:08:25]} Kg8 {[%clk 0:16:34]}
35. Na4 {[%clk 0:07:50]} Kf7 {[%clk 0:16:51]} 36. Nc5 {[%clk 0:07:58]} Bc8 {[%clk
0:17:16]} 37. Bc7 {[%clk 0:07:54]} Ke7 {[%clk 0:16:35]} 38. Nd3 {[%clk 0:07:43]}
Ke6 {[%clk 0:16:57]} 39. Kf2 {[%clk 0:07:48]} h5 {[%clk 0:13:52]} 40. Ke2 {[%clk
0:07:54]} g5 {[%clk 0:13:54]} 41. Kd2 {[%clk 0:07:53]} g4 {[%clk 0:14:04]} 42.
Kc3 {[%clk 0:07:12]} h4 {[%clk 0:14:22]} 43. g3 {[%clk 0:07:15]} hxg3 {[%clk
0:13:28]} 44. hxg3 {[%clk 0:07:40]} Bf6 {[%clk 0:13:42]} 45. Kb4 {[%clk 0:07:20]}
Be7+ {[%clk 0:14:07]} 46. Ka5 {[%clk 0:07:32]} Bd6 {[%clk 0:14:26]} 47. Kb6
{[%clk 0:07:38]} Bd7 {[%clk 0:14:09]} 48. Bxd6 {[%clk 0:06:47]} Kxd6 {[%clk
0:14:32]} 49. Kxa6 {[%clk 0:06:12]} Be8 {[%clk 0:14:40]} 50. Kb6 {[%clk 0:06:17]}
Bg6 {[%clk 0:14:50]} 51. Nf2 {[%clk 0:05:59]} c5 {[%clk 0:14:55]} 52. Kb5 {[%clk
0:04:05]} Be8+ {[%clk 0:15:15]} 53. Ka5 {[%clk 0:04:26]} Bc6 {[%clk 0:11:20]} 54.
b4 {[%clk 0:04:16]} cxb4 {[%clk 0:10:35]} 55. Kxb4 {[%clk 0:04:42]} Ba8 {[%clk
0:10:58]} 56. Kb5 {[%clk 0:04:26]} Kc7 {[%clk 0:11:17]} 57. Kc5 {[%clk 0:04:06]}
Bb7 {[%clk 0:11:40]} 58. Nxg4 {[%clk 0:04:00]} Bxe4 {[%clk 0:04:26]} 59. Nxe5
{[%clk 0:11:42]} Bh7 {[%clk 0:12:11]} 60. g4 {[%clk 0:04:19]} Bg8 {[%clk
0:12:11]} 1-0

[Event "Campeonato España Sub 16"]
[Site "Salobreña"]
[Date "2017.07.26"]
[Round "5"]
[White "Martinez Bernardo, Aitor"]
[Black "Martinez Fernandez, Adrian"]
[Result "0-1"]
[Board "14"]
[WhiteClock "1:30"]
[WhiteElo "1803"]
[WhiteCountry "ESP"]
[WhiteFideId "32010109"]
[WhiteEloChange "-3"]
[BlackClock "1:30"]
[BlackElo "2111"]
[BlackCountry "ESP"]
[BlackFideId "32049048"]
[BlackEloChange "3"]

1. c4 {[%clk 1:30:00]} c5 {[%clk 1:30:00]} 2. Nf3 {[%clk 1:31:00]} Nc6 {[%clk
1:31:00]} 3. d4 {[%clk 1:31:00]} cxd4 {[%clk 1:31:00]} 4. Nxd4 {[%clk 1:31:00]}
g6 {[%clk 1:31:00]} 5. Nc2 {[%clk 1:31:00]} Bg7 {[%clk 1:32:00]} 6. e4 {[%clk
1:31:00]} d6 {[%clk 1:31:00]} 7. Be2 {[%clk 1:32:00]} Be6 {[%clk 1:26:00]} 8. O-O
{[%clk 1:31:00]} Rc8 {[%clk 1:27:00]} 9. Nca3 {[%clk 1:30:00]} a6 {[%clk
1:21:00]} 10. Qa4 {[%clk 1:22:00]} Qa5 {[%clk 1:10:00]} 11. Qxa5 {[%clk 1:22:00]}
Nxa5 {[%clk 1:10:00]} 12. Nd2 {[%clk 1:23:00]} Nf6 {[%clk 1:10:00]} 13. Rb1
{[%clk 1:23:00]} Nc6 {[%clk 1:08:00]} 14. Nc2 {[%clk 1:19:00]} O-O {[%clk
1:08:00]} 15. b3 {[%clk 1:20:00]} Rb8 {[%clk 1:01:00]} 16. Rd1 {[%clk 1:18:00]}
b5 {[%clk 0:58:00]} 17. cxb5 {[%clk 1:18:00]} axb5 {[%clk 0:58:00]} 18. f3 {[%clk
1:15:00]} Nd7 {[%clk 0:44:00]} 19. Nf1 {[%clk 1:13:00]} b4 {[%clk 0:36:00]} 20.
Bb2 {[%clk 1:13:00]} Nde5 {[%clk 0:36:00]} 21. Nfe3 {[%clk 1:11:00]} Ra8 {[%clk
0:35:00]} 22. f4 {[%clk 1:11:00]} Nd7 {[%clk 0:35:00]} 23. Bxg7 {[%clk 1:11:00]}
Kxg7 {[%clk 0:36:00]} 24. Rb2 {[%clk 1:11:00]} Ra5 {[%clk 0:28:00]} 25. Nd4
{[%clk 1:07:00]} Nxd4 {[%clk 0:27:00]} 26. Rxd4 {[%clk 1:07:00]} Rfa8 {[%clk
0:27:00]} 27. Rxb4 {[%clk 1:07:00]} Rxa2 {[%clk 0:28:00]} 28. Rxa2 {[%clk
1:07:00]} Rxa2 {[%clk 0:28:00]} 29. Bc4 {[%clk 1:06:00]} Bxc4 {[%clk 0:27:00]}
30. Rxc4 {[%clk 0:55:00]} Nf6 {[%clk 0:23:00]} 31. e5 {[%clk 0:43:00]} dxe5
{[%clk 0:23:00]} 32. fxe5 {[%clk 0:43:00]} Ng8 {[%clk 0:23:00]} 33. Rc7 {[%clk
0:43:00]} Rb2 {[%clk 0:22:00]} 34. Rb7 {[%clk 0:43:00]} e6 {[%clk 0:22:00]} 35.
Nc4 {[%clk 0:43:00]} Rb1+ {[%clk 0:22:00]} 36. Kf2 {[%clk 0:44:00]} Nh6 {[%clk
0:23:00]} 37. h3 {[%clk 0:44:00]} Nf5 {[%clk 0:21:00]} 38. Nd6 {[%clk 0:44:00]}
Nxd6 {[%clk 0:18:00]} 39. exd6 {[%clk 0:44:00]} Rd1 {[%clk 0:18:26]} 40. Rd7
{[%clk 0:44:00]} Rd4 {[%clk 0:15:22]} 41. Ke3 {[%clk 0:41:00]} e5 {[%clk
0:10:15]} 42. Rd8 {[%clk 0:36:00]} Kf6 {[%clk 0:09:58]} 43. d7 {[%clk 0:36:00]}
Ke7 {[%clk 0:07:31]} 44. Re8+ {[%clk 0:37:00]} Kxd7 {[%clk 0:07:59]} 45. Rxe5
{[%clk 0:37:00]} Rb4 {[%clk 0:08:22]} 46. Rd5+ {[%clk 0:37:00]} Ke6 {[%clk
0:08:52]} 47. Rd3 {[%clk 0:38:00]} Ke5 {[%clk 0:08:24]} 48. Kf3 {[%clk 0:37:00]}
h5 {[%clk 0:08:35]} 49. Re3+ {[%clk 0:33:00]} Kf5 {[%clk 0:08:56]} 50. Rc3 {[%clk
0:33:00]} Rf4+ {[%clk 0:08:40]} 51. Ke3 {[%clk 0:31:00]} Re4+ {[%clk 0:07:59]}
52. Kf3 {[%clk 0:32:00]} Rf4+ {[%clk 0:08:28]} 53. Ke3 {[%clk 0:32:00]} Re4+
{[%clk 0:08:46]} 54. Kf3 {[%clk 0:32:00]} Rb4 {[%clk 0:09:11]} 55. Rc5+ {[%clk
0:32:00]} Kf6 {[%clk 0:09:39]} 56. Rc6+ {[%clk 0:32:00]} Kg5 {[%clk 0:09:51]} 57.
Rc5+ {[%clk 0:32:00]} Kh6 {[%clk 0:10:11]} 58. Rc3 {[%clk 0:33:00]} g5 {[%clk
0:09:37]} 59. Rc6+ {[%clk 0:31:00]} Kg7 {[%clk 0:10:00]} 60. Rc3 {[%clk 0:32:00]}
Kg6 {[%clk 0:10:25]} 61. Rc6+ {[%clk 0:31:00]} f6 {[%clk 0:10:53]} 62. Rc3 {[%clk
0:31:00]} g4+ {[%clk 0:10:58]} 63. Kg3 {[%clk 0:30:00]} Kg5 {[%clk 0:10:14]} 64.
Rc5+ {[%clk 0:29:00]} f5 {[%clk 0:10:13]} 65. h4+ {[%clk 0:29:00]} Kf6 {[%clk
0:10:39]} 66. Rc6+ {[%clk 0:28:00]} Kg7 {[%clk 0:11:01]} 67. Rc7+ {[%clk
0:27:00]} Kf6 {[%clk 0:11:30]} 68. Rc6+ {[%clk 0:27:00]} Ke5 {[%clk 0:11:50]} 69.
Rc5+ {[%clk 0:27:00]} Ke4 {[%clk 0:11:17]} 70. Rc3 {[%clk 0:26:00]} f4+ {[%clk
0:10:59]} 71. Kf2 {[%clk 0:27:00]} Kd4 {[%clk 0:11:22]} 72. Rc8 {[%clk 0:11:42]}
Rxb3 {[%clk 0:27:00]} 73. Rd8+ {[%clk 0:11:48]} Ke4 {[%clk 0:28:00]} 74. Re8+
{[%clk 0:09:41]} Kf5 {[%clk 0:10:11]} 75. Rf8+ {[%clk 0:28:00]} Ke5 {[%clk
0:10:36]} 76. Re8+ {[%clk 0:29:00]} Kd5 {[%clk 0:10:06]} 77. Rd8+ {[%clk
0:28:00]} Ke6 {[%clk 0:10:30]} 78. Re8+ {[%clk 0:28:00]} Kd6 {[%clk 0:04:49]} 79.
Rd8+ {[%clk 0:27:00]} Ke7 {[%clk 0:03:46]} 80. Rd5 {[%clk 0:28:00]} Rb2+ {[%clk
0:03:10]} 81. Kf1 {[%clk 0:28:00]} Rb1+ {[%clk 0:02:47]} 82. Kf2 {[%clk 0:28:00]}
Rb2+ {[%clk 0:03:16]} 83. Kf1 {[%clk 0:29:00]} Rb1+ {[%clk 0:02:19]} 84. Kf2
{[%clk 0:29:00]} g3+ {[%clk 0:02:19]} 85. Ke2 {[%clk 0:27:00]} Rg1 {[%clk
0:02:47]} 86. Rg5 {[%clk 0:25:00]} Rxg2+ {[%clk 0:03:11]} 87. Kf1 {[%clk
0:25:00]} Rh2 {[%clk 0:25:00]} 88. Rxh5 {[%clk 0:25:00]} 0-1

[Event "Campeonato España Sub 16"]
[Site "Salobreña"]
[Date "2017.07.26"]
[Round "5"]
[White "Gil Ojeda, Jorge"]
[Black "Roldan Marques, Daniel"]
[Result "0-1"]
[Board "15"]
[WhiteClock "1:30"]
[WhiteElo "1936"]
[WhiteCountry "ESP"]
[WhiteFideId "32005504"]
[WhiteEloChange "-2"]
[BlackClock "1:30"]
[BlackTitle "FM"]
[BlackElo "2300"]
[BlackCountry "ESP"]
[BlackFideId "32063318"]
[BlackEloChange "2"]

1. e4 {[%clk 1:30:00]} e6 {[%clk 1:30:00]} 2. d4 {[%clk 1:31:00]} d5 {[%clk
1:31:00]} 3. Nd2 {[%clk 1:31:00]} Nf6 {[%clk 1:31:00]} 4. e5 {[%clk 1:32:00]}
Nfd7 {[%clk 1:32:00]} 5. c3 {[%clk 1:32:00]} c5 {[%clk 1:32:00]} 6. Bd3 {[%clk
1:32:00]} Nc6 {[%clk 1:32:00]} 7. Ne2 {[%clk 1:32:00]} cxd4 {[%clk 1:33:00]} 8.
cxd4 {[%clk 1:33:00]} f6 {[%clk 1:33:00]} 9. exf6 {[%clk 1:33:00]} Nxf6 {[%clk
1:34:00]} 10. Nf3 {[%clk 1:34:00]} Bd6 {[%clk 1:34:00]} 11. O-O {[%clk 1:34:00]}
O-O {[%clk 1:34:00]} 12. Bf4 {[%clk 1:33:00]} Bxf4 {[%clk 1:34:00]} 13. Nxf4
{[%clk 1:34:00]} Ng4 {[%clk 1:34:00]} 14. Qd2 {[%clk 1:33:00]} Qd6 {[%clk
1:21:00]} 15. g3 {[%clk 1:31:00]} g6 {[%clk 1:07:00]} 16. Rae1 {[%clk 1:14:00]}
Bd7 {[%clk 0:58:00]} 17. h3 {[%clk 1:09:00]} e5 {[%clk 0:53:00]} 18. Nxe5 {[%clk
1:04:00]} Ngxe5 {[%clk 0:50:00]} 19. dxe5 {[%clk 1:05:00]} Nxe5 {[%clk 0:50:00]}
20. Be4 {[%clk 1:00:00]} Bc6 {[%clk 0:48:00]} 21. Rd1 {[%clk 0:43:00]} d4 {[%clk
0:46:00]} 22. Qxd4 {[%clk 0:36:00]} Qxd4 {[%clk 0:46:00]} 23. Rxd4 {[%clk
0:36:00]} Bxe4 {[%clk 0:47:00]} 24. Rxe4 {[%clk 0:36:00]} Nf3+ {[%clk 0:47:00]}
25. Kg2 {[%clk 0:36:00]} Nd2 {[%clk 0:47:00]} 26. Rfe1 {[%clk 0:36:00]} Nxe4
{[%clk 0:48:00]} 27. Rxe4 {[%clk 0:37:00]} Rfe8 {[%clk 0:47:00]} 28. Rd4 {[%clk
0:37:00]} Rad8 {[%clk 0:46:00]} 29. Rb4 {[%clk 0:37:00]} Re7 {[%clk 0:40:00]} 30.
h4 {[%clk 0:31:00]} Rd2 {[%clk 0:23:00]} 31. Kf3 {[%clk 0:31:00]} b6 {[%clk
0:23:00]} 32. a3 {[%clk 0:31:00]} Kf7 {[%clk 0:23:00]} 33. Nh3 {[%clk 0:31:00]}
h6 {[%clk 0:23:00]} 34. Nf4 {[%clk 0:31:00]} Re5 {[%clk 0:23:00]} 35. g4 {[%clk
0:31:00]} g5 {[%clk 0:23:00]} 36. hxg5 {[%clk 0:31:00]} hxg5 {[%clk 0:23:00]} 37.
Nh3 {[%clk 0:31:00]} Kf6 {[%clk 0:23:00]} 38. b3 {[%clk 0:31:00]} Rd3+ {[%clk
0:23:00]} 39. Kg2 {[%clk 0:31:00]} Rc5 {[%clk 0:23:00]} 40. Ra4 {[%clk 0:31:00]}
Rcc3 {[%clk 0:23:00]} 41. Ng1 {[%clk 0:31:00]} a5 {[%clk 0:23:00]} 42. Ne2 {[%clk
0:31:00]} Rxb3 {[%clk 0:23:00]} 43. Nc1 {[%clk 0:31:00]} Rxa3 {[%clk 0:23:00]}
44. Rc4 {[%clk 0:31:00]} Rdc3 {[%clk 0:23:00]} 0-1

[Event "Campeonato España Sub 16"]
[Site "Salobreña"]
[Date "2017.07.26"]
[Round "5"]
[White "Soto Martin, Pablo"]
[Black "Munoz Garcia, Jesus"]
[Result "1/2-1/2"]
[Board "16"]
[WhiteClock "1:30"]
[WhiteElo "2064"]
[WhiteCountry "ESP"]
[WhiteFideId "32035179"]
[WhiteEloChange "-2"]
[BlackClock "1:30"]
[BlackElo "1994"]
[BlackCountry "ESP"]
[BlackFideId "32064543"]
[BlackEloChange "2"]

1. e4 {[%clk 1:30:00]} e6 {[%clk 1:30:00]} 2. d4 {[%clk 1:31:00]} d5 {[%clk
1:31:00]} 3. Nc3 {[%clk 1:31:00]} Bb4 {[%clk 1:31:00]} 4. e5 {[%clk 1:31:00]} c5
{[%clk 1:31:00]} 5. a3 {[%clk 1:31:00]} Bxc3+ {[%clk 1:32:00]} 6. bxc3 {[%clk
1:31:00]} Qa5 {[%clk 1:31:00]} 7. Bd2 {[%clk 1:31:00]} Qa4 {[%clk 1:31:00]} 8.
Qb1 {[%clk 1:23:00]} c4 {[%clk 1:31:00]} 9. Nf3 {[%clk 1:23:00]} Nc6 {[%clk
1:27:00]} 10. h4 {[%clk 1:22:00]} Nge7 {[%clk 1:24:00]} 11. g3 {[%clk 1:20:00]}
Qa5 {[%clk 1:15:00]} 12. h5 {[%clk 1:18:00]} h6 {[%clk 1:14:00]} 13. Bh3 {[%clk
1:14:00]} Bd7 {[%clk 1:13:00]} 14. O-O {[%clk 1:11:00]} O-O-O {[%clk 1:12:00]}
15. Qc1 {[%clk 1:10:00]} Rdg8 {[%clk 1:06:00]} 16. Kg2 {[%clk 1:02:00]} Nf5
{[%clk 0:56:00]} 17. Rh1 {[%clk 0:54:00]} Qd8 {[%clk 0:46:00]} 18. Bf4 {[%clk
0:44:00]} Nfe7 {[%clk 0:40:00]} 19. Qd2 {[%clk 0:39:00]} Qf8 {[%clk 0:39:00]} 20.
Bg4 {[%clk 0:37:00]} Nf5 {[%clk 0:32:00]} 21. Kf1 {[%clk 0:33:00]} Rh7 {[%clk
0:26:00]} 22. Ke2 {[%clk 0:32:00]} Rgh8 {[%clk 0:26:00]} 23. Rh2 {[%clk 0:29:00]}
Nd8 {[%clk 0:21:00]} 24. Kf1 {[%clk 0:22:00]} Ba4 {[%clk 0:18:59]} 25. Ra2 {[%clk
0:22:00]} Qe7 {[%clk 0:18:37]} 26. Kg2 {[%clk 0:22:00]} Re8 {[%clk 0:18:15]} 27.
Rh1 {[%clk 0:22:00]} b6 {[%clk 0:17:58]} 28. Bh3 {[%clk 0:20:00]} Qb7 {[%clk
0:17:19]} 29. Rb2 {[%clk 0:19:46]} Rhh8 {[%clk 0:17:11]} 30. Qe2 {[%clk 0:18:45]}
Ne7 {[%clk 0:17:16]} 31. Bd2 {[%clk 0:17:32]} Reg8 {[%clk 0:16:40]} 32. Nh2
{[%clk 0:16:30]} Kb8 {[%clk 0:16:17]} 33. Nf1 {[%clk 0:16:32]} Bd7 {[%clk
0:16:08]} 34. Bg4 {[%clk 0:15:48]} Qa6 {[%clk 0:16:17]} 35. Ra2 {[%clk 0:15:59]}
Qc8 {[%clk 0:15:25]} 36. Kh2 {[%clk 0:15:01]} Nb7 {[%clk 0:15:28]} 37. Ne3 {[%clk
0:15:00]} g6 {[%clk 0:14:44]} 38. Kg2 {[%clk 0:14:39]} Nf5 {[%clk 0:12:47]} 39.
Nf1 {[%clk 0:13:09]} g5 {[%clk 0:11:22]} 40. Nh2 {[%clk 0:13:30]} Qe8 {[%clk
0:10:54]} 41. Bf3 {[%clk 0:13:24]} Qe7 {[%clk 0:09:51]} 42. Ng4 {[%clk 0:13:33]}
Rc8 {[%clk 0:09:24]} 43. Nf6 {[%clk 0:12:27]} Ng7 {[%clk 0:09:12]} 44. Bg4 {[%clk
0:11:20]} Ne8 {[%clk 0:08:15]} 45. Nxe8 {[%clk 0:10:12]} Bxe8 {[%clk 0:08:01]}
46. f4 {[%clk 0:10:32]} gxf4 {[%clk 0:07:27]} 47. Bxf4 {[%clk 0:10:56]} Ka8
{[%clk 0:07:29]} 48. Rf1 {[%clk 0:10:53]} Bc6 {[%clk 0:04:00]} 49. Be3 {[%clk
0:09:08]} Rh7 {[%clk 0:02:15]} 50. Rf6 {[%clk 0:09:19]} Rch8 {[%clk 0:02:17]} 51.
Qd2 {[%clk 0:09:08]} Nd6 {[%clk 0:02:34]} 52. Rxh6 {[%clk 0:06:44]} Ne4 {[%clk
0:02:22]} 53. Rxh7 {[%clk 0:06:42]} Rxh7 {[%clk 0:02:46]} 54. Qe1 {[%clk
0:06:21]} Rg7 {[%clk 0:02:17]} 55. Kh3 {[%clk 0:06:24]} f5 {[%clk 0:01:46]} 56.
exf6 {[%clk 0:06:00]} Nxf6 {[%clk 0:01:49]} 57. Bf3 {[%clk 0:05:17]} Rh7 {[%clk
0:01:40]} 58. Bg5 {[%clk 0:05:06]} Qf7 {[%clk 0:01:39]} 59. Bxf6 {[%clk 0:04:04]}
Qxf6 {[%clk 0:01:47]} 60. Bg4 {[%clk 0:04:28]} Rh6 {[%clk 0:01:31]} 61. Ra1
{[%clk 0:04:21]} Be8 {[%clk 0:01:45]} 62. Qe2 {[%clk 0:04:37]} Qg5 {[%clk
0:01:55]} 63. Rf1 {[%clk 0:02:41]} Bxh5 {[%clk 0:01:59]} 64. Bxh5 {[%clk
0:03:08]} Rxh5+ {[%clk 0:02:01]} 65. Kg2 {[%clk 0:03:36]} Qh6 {[%clk 0:02:19]}
66. Rf2 {[%clk 0:00:46]} Rh2+ {[%clk 0:01:21]} 67. Kf3 {[%clk 0:00:38]} Qf6+
{[%clk 0:01:18]} 68. Ke3 {[%clk 0:00:46]} Qg5+ {[%clk 0:01:31]} 69. Kf3 {[%clk
0:01:11]} Qf5+ {[%clk 0:01:21]} 70. Ke3 {[%clk 0:01:36]} Qg5+ {[%clk 0:01:24]}
71. Kf3 {[%clk 0:02:02]} Qf5+ {[%clk 0:01:24]} 1/2-1/2

[Event "Campeonato España Sub 16"]
[Site "Salobreña"]
[Date "2017.07.26"]
[Round "5"]
[White "Garcia Jimenez, Santiago"]
[Black "Masague Artero, Guerau"]
[Result "0-1"]
[Board "17"]
[WhiteClock "1:30"]
[WhiteElo "2040"]
[WhiteCountry "ESP"]
[WhiteFideId "24543241"]
[WhiteEloChange "-12"]
[BlackClock "1:30"]
[BlackElo "1965"]
[BlackCountry "ESP"]
[BlackFideId "32098952"]
[BlackEloChange "12"]

1. e4 {[%clk 1:30:00]} c5 {[%clk 1:30:00]} 2. Nf3 {[%clk 1:31:00]} Nc6 {[%clk
1:31:00]} 3. d4 {[%clk 1:31:00]} cxd4 {[%clk 1:31:00]} 4. Nxd4 {[%clk 1:32:00]}
Nf6 {[%clk 1:32:00]} 5. Nc3 {[%clk 1:32:00]} e5 {[%clk 1:32:00]} 6. Ndb5 {[%clk
1:32:00]} d6 {[%clk 1:33:00]} 7. Bg5 {[%clk 1:33:00]} a6 {[%clk 1:33:00]} 8. Na3
{[%clk 1:33:00]} b5 {[%clk 1:33:00]} 9. Nd5 {[%clk 1:33:00]} Be7 {[%clk 1:34:00]}
10. Bxf6 {[%clk 1:34:00]} Bxf6 {[%clk 1:34:00]} 11. c3 {[%clk 1:34:00]} Bg5
{[%clk 1:34:00]} 12. Nc2 {[%clk 1:34:00]} O-O {[%clk 1:33:00]} 13. a4 {[%clk
1:35:00]} bxa4 {[%clk 1:34:00]} 14. Rxa4 {[%clk 1:35:00]} a5 {[%clk 1:34:00]} 15.
Bc4 {[%clk 1:35:00]} Rb8 {[%clk 1:32:00]} 16. b3 {[%clk 1:36:00]} Be6 {[%clk
1:32:00]} 17. Nce3 {[%clk 1:32:00]} g6 {[%clk 1:16:00]} 18. h4 {[%clk 1:31:00]}
Bxh4 {[%clk 1:14:00]} 19. g3 {[%clk 1:31:00]} Bg5 {[%clk 1:15:00]} 20. f4 {[%clk
1:31:00]} exf4 {[%clk 1:15:00]} 21. gxf4 {[%clk 1:32:00]} Bh4+ {[%clk 1:15:00]}
22. Kd2 {[%clk 1:32:00]} Bf6 {[%clk 1:02:00]} 23. Ra2 {[%clk 1:21:00]} Bg7 {[%clk
1:00:00]} 24. Kd3 {[%clk 1:16:00]} Ne7 {[%clk 0:50:00]} 25. Rah2 {[%clk 0:42:00]}
Nxd5 {[%clk 0:43:00]} 26. exd5 {[%clk 0:36:00]} Bd7 {[%clk 0:42:00]} 27. Rxh7
{[%clk 0:23:00]} Qf6 {[%clk 0:42:00]} 28. Qc1 {[%clk 0:12:24]} Qxf4 {[%clk
0:35:00]} 29. R7h4 {[%clk 0:09:27]} Qf6 {[%clk 0:33:00]} 30. Re4 {[%clk 0:08:32]}
Rbe8 {[%clk 0:25:00]} 31. Rf1 {[%clk 0:02:52]} Qd8 {[%clk 0:23:00]} 32. Rxe8
{[%clk 0:02:09]} Rxe8 {[%clk 0:24:00]} 33. Rf3 {[%clk 0:02:23]} Qg5 {[%clk
0:22:00]} 34. Qf1 {[%clk 0:01:46]} Qe5 {[%clk 0:22:00]} 35. Qe1 {[%clk 0:00:34]}
Qe4+ {[%clk 0:22:00]} 0-1

[Event "Campeonato España Sub 16"]
[Site "Salobreña"]
[Date "2017.07.26"]
[Round "5"]
[White "Rodriguez Lopez, David"]
[Black "Torcal Miguel, Oscar"]
[Result "0-1"]
[Board "18"]
[WhiteClock "n/a"]
[WhiteElo "1923"]
[WhiteCountry "ESP"]
[WhiteFideId "32005830"]
[WhiteEloChange "-7"]
[BlackClock "n/a"]
[BlackElo "2033"]
[BlackCountry "ESP"]
[BlackFideId "32025700"]
[BlackEloChange "7"]

1. e4 {[%clk 1:30:30]} c5 {[%clk 1:30:30]} 2. Nc3 {[%clk 1:30:30]} d6 {[%clk
1:30:30]} 3. Bb5+ {[%clk 1:30:30]} Bd7 {[%clk 1:30:30]} 4. Bxd7+ {[%clk 1:30:30]}
Qxd7 {[%clk 1:30:30]} 5. f4 {[%clk 1:30:30]} g6 {[%clk 1:30:30]} 6. Nf3 {[%clk
1:30:30]} Bg7 {[%clk 1:30:30]} 7. d3 {[%clk 1:30:30]} Nc6 {[%clk 1:30:30]} 8. O-O
{[%clk 1:30:30]} Nf6 {[%clk 1:30:30]} 9. Bd2 {[%clk 1:30:30]} O-O {[%clk
1:30:30]} 10. Qe1 {[%clk 1:30:30]} Rab8 {[%clk 1:30:30]} 11. Qh4 {[%clk 1:30:30]}
b5 {[%clk 1:30:30]} 12. h3 {[%clk 1:30:30]} Rfc8 {[%clk 1:30:30]} 13. g4 {[%clk
1:30:30]} Nd4 {[%clk 1:30:30]} 14. e5 {[%clk 1:30:30]} Nxf3+ {[%clk 1:30:30]} 15.
Rxf3 {[%clk 1:30:30]} b4 {[%clk 1:30:30]} 16. exf6 {[%clk 1:30:30]} Bxf6 {[%clk
1:30:30]} 17. Qe1 {[%clk 1:30:30]} bxc3 {[%clk 1:30:30]} 18. Bxc3 {[%clk
1:30:30]} Bxc3 {[%clk 1:30:30]} 19. Qxc3 {[%clk 1:30:30]} Qb7 {[%clk 1:30:30]}
20. Re3 {[%clk 1:30:30]} Qxb2 {[%clk 1:30:30]} 21. Qxb2 {[%clk 1:30:30]} Rxb2
{[%clk 1:30:30]} 22. Rxe7 {[%clk 1:30:30]} Rxc2 {[%clk 1:30:30]} 23. Rb1 {[%clk
1:30:30]} Rxa2 {[%clk 1:30:30]} 24. Rbb7 {[%clk 1:30:30]} Rf8 {[%clk 1:30:30]}
25. Rxa7 {[%clk 1:30:30]} Rd2 {[%clk 1:30:30]} 26. Re3 {[%clk 1:30:30]} Rb8
{[%clk 1:30:30]} 27. Ra1 {[%clk 1:30:30]} Rb3 {[%clk 1:30:30]} 28. f5 {[%clk
1:30:30]} gxf5 {[%clk 1:30:30]} 29. gxf5 {[%clk 1:30:30]} Rbxd3 {[%clk 1:30:30]}
30. f6 {[%clk 1:30:30]} h5 {[%clk 1:30:30]} 31. Rxd3 {[%clk 1:30:30]} Rxd3 {[%clk
1:30:30]} 32. Kf2 {[%clk 1:30:30]} Rd5 {[%clk 1:30:30]} 33. Kg3 {[%clk 1:30:30]}
Kh7 {[%clk 1:30:30]} 34. Kh4 {[%clk 1:30:30]} Kg6 {[%clk 1:30:30]} 35. Rf1 {[%clk
1:30:30]} Rf5 {[%clk 1:30:30]} 36. Rd1 {[%clk 1:30:30]} d5 {[%clk 1:30:30]} 37.
Rg1+ {[%clk 1:30:30]} Kxf6 {[%clk 1:30:30]} 38. Rg5 {[%clk 1:30:30]} Re5 {[%clk
1:30:30]} 0-1